<?xml version="1.0" encoding="UTF-8"?>
<collection xmlns="http://www.loc.gov/MARC21/slim">
 <record>
  <leader>01155aam a22002658a 4500</leader>
  <controlfield tag="001">00028349</controlfield>
  <controlfield tag="005">20171026081023.0</controlfield>
  <controlfield tag="008">120327s2004                  ||||||viesd</controlfield>
  <datafield tag="041" ind1="0" ind2="#">
   <subfield code="a">vie</subfield>
  </datafield>
  <datafield tag="082" ind1="1" ind2="4">
   <subfield code="a">371.009 597</subfield>
   <subfield code="b">PH110TR</subfield>
  </datafield>
  <datafield tag="110" ind1="0" ind2="#">
   <subfield code="a">Sở Giáo dục - Đào tạo TP. Hồ Chí Minh</subfield>
  </datafield>
  <datafield tag="245" ind1="1" ind2="0">
   <subfield code="a">Phát triển môi trường học thân thiện với trẻ ở Thành phố Hồ Chí Minh</subfield>
   <subfield code="b">Sách tham khảo</subfield>
  </datafield>
  <datafield tag="260" ind1="#" ind2="#">
   <subfield code="c">2004</subfield>
   <subfield code="a">Hà Nội</subfield>
   <subfield code="b">Chính Trị Quốc Gia</subfield>
  </datafield>
  <datafield tag="300" ind1="#" ind2="#">
   <subfield code="a">83tr.</subfield>
   <subfield code="b">minh họa</subfield>
   <subfield code="c">27cm.</subfield>
  </datafield>
  <datafield tag="500" ind1="#" ind2="#">
   <subfield code="a">ĐTTS ghi: Sở Giáo dục và Đào tạo thành phố Hồ Chí Minh</subfield>
  </datafield>
  <datafield tag="650" ind1="#" ind2="4">
   <subfield code="a">Trẻ em</subfield>
   <subfield code="x">Tài liệu tham khảo</subfield>
   <subfield code="z">Tp. Hồ Chí Minh</subfield>
   <subfield code="z">Việt Nam</subfield>
  </datafield>
  <datafield tag="653" ind1="#" ind2="#">
   <subfield code="a">Công tác xã hội</subfield>
  </datafield>
  <datafield tag="653" ind1="#" ind2="#">
   <subfield code="a">Giáo dục</subfield>
  </datafield>
  <datafield tag="653" ind1="#" ind2="#">
   <subfield code="a">Môi trường học thân thiện</subfield>
  </datafield>
  <datafield tag="653" ind1="#" ind2="#">
   <subfield code="a">Trẻ em</subfield>
  </datafield>
  <datafield tag="852" ind1="#" ind2="#">
   <subfield code="b">Kho mượn</subfield>
   <subfield code="j">KM.0013783, KM.0013784, KM.0013785</subfield>
  </datafield>
  <datafield tag="852" ind1="#" ind2="#">
   <subfield code="b">Kho đọc</subfield>
   <subfield code="j">KD.0012696</subfield>
  </datafield>
  <datafield tag="852" ind1="#" ind2="#">
   <subfield code="j">KM.0013783</subfield>
   <subfield code="j">KM.0013785</subfield>
   <subfield code="j">KD.0012696</subfield>
   <subfield code="j">KM.0013784</subfield>
  </datafield>
  <datafield tag="910" ind1=" " ind2=" ">
   <subfield code="d">27/03/2012</subfield>
  </datafield>
  <datafield tag="980" ind1="#" ind2="#">
   <subfield code="a">Trung tâm Học liệu Lê Vũ Hùng, Trường Đại học Đồng Tháp</subfield>
  </datafield>
 </record>
</collection>
